[Event "45th Olympiad 2024"]
[Site "Budapest HUN"]
[Date "2024.09.21"]
[Round "10.30"]
[Board "1"]
[White "Tran, Thanh Tu"]
[Black "Stefansson, Vignir Vatnar"]
[Result "1-0"]
[WhiteElo "2387"]
[BlackElo "2531"]
[PlyCount "95"]
[EventDate "2024.09.11"]
[WhiteTeam "Japan"]
[BlackTeam "Iceland"]
[WhiteTeamCountry "JPN"]
[BlackTeamCountry "ISL"]

1. d4 Nf6 2. Nf3 d5 3. c3 e6 4. Bf4 Bd6 5. e3 Bxf4 6. exf4 O-O 7. Nbd2 b6 ({RR} 7... c5 8. dxc5 Qc7 9. g3 Qxc5 10. Bd3 b6 11. Qe2 a5 12. Nb3 Qe7 13. Nbd4 Ba6 14. Bxa6 Nxa6 15. O-O Nc5 16. f5 Rae8 17. fxe6 Nxe6 18. Qb5 Qc5 19. Rfe1 g6 20. Kg2 Ne4 21. Rad1 Nc7 22. Qc6 {½-½ Gupta,A (2628)-Adams,M (2698) Bundesliga 2122 2022 (13.7)}) 8. h4 ({RR} 8. Bd3 c5 9. O-O Ba6 10. Bxa6 Nxa6 11. Ne5 Qd6 12. Qa4 Nc7 13. g3 a5 14. Rac1 b5 15. Qc2 Rfc8 16. Nb3 Na6 17. dxc5 Nxc5 18. Nxc5 Rxc5 19. a3 g6 20. Qe2 Rac8 21. Rcd1 Qb6 22. Rd4 Qb7 {0-1 Yurovskykh,O (2328)-Lobanov,S (2506) Titled Tue 25th Jun Late 2024 (4)}) 8... Ba6 $146 ({RR} 8... c5 9. h5 Qd6 10. h6 g6 11. g3 Ba6 12. Bxa6 Nxa6 13. Qe2 Nc7 14. Kf1 Nd7 15. Kg2 c4 16. b3 b5 17. a4 a6 18. Rhb1 Rfb8 19. Ne5 f6 20. Ng4 Kf7 21. Qf3 Kg8 22. Nf1 cxb3 23. a5 {½-½ Vazquez,G (2536)-Vivekananthan,A (2319) Charlotte CCCSA Winter GM-A 2022 (8)}) ({RR} 8... c5 9. h5 h6 10. Ne5 Nfd7 11. Ndf3 cxd4 12. cxd4 f6 13. Ng6 Re8 14. Rc1 Ba6 15. Bxa6 Nxa6 16. Qd3 Nc7 17. O-O Nf8 18. Rc6 Nxg6 19. hxg6 Re7 20. Rfc1 Ne8 21. Qa3 Rb8 22. Rc8 Rxc8 23. Rxc8 {½-½ Tabatabaei,M (2645)-Sarana,A (2675) Chess.com Rapid Wk13 Swiss 2022 (4)}) ({RR} 8... c5 9. Bd3 Ba6 10. Bxa6 Nxa6 11. Qe2 Nb8 12. h5 Nc6 13. h6 g6 14. Ne5 Rc8 15. Nxc6 Rxc6 16. Qe5 Ne8 17. Nf3 f6 18. Qe3 Qd7 19. O-O-O Nd6 20. Qe2 b5 21. dxc5 Rxc5 22. Rhe1 Re8 23. Kb1 {½-½ Sammed Jaykumar,S (2454)-Pfreundt,J (2407) SixDays Budapest Mar GMA 2023 (2.2)}) 9. Bxa6 Nxa6 10. Qe2 Nb8 11. h5 h6 12. Ne5 c5 13. g4 Nfd7 14. Ndf3 cxd4 15. cxd4 Nxe5 16. dxe5 Qc8 17. g5 Qc4 18. Qxc4 dxc4 19. gxh6 gxh6 20. Nd2 Rd8 21. Rg1+ Kf8 22. Nxc4 Rd4 23. Rd1 Re4+ 24. Ne3 Nc6 25. Rg4 Nb4 26. Ke2 Nxa2 27. Kf3 Rb4 28. f5 exf5 29. Nxf5 Re8 30. Nxh6 Rxe5 31. Rd7 Rxg4 32. Kxg4 Nb4 33. Rxf7+ Ke8 34. Rxa7 Nd3 35. f4 Re4 36. Nf5 Rxf4+ 37. Kg5 Rf2 38. h6 Rh2 39. Kf6 Nc5 40. Ra8+ Kd7 41. b4 Ne4+ 42. Ke5 Ng5 43. Ra7+ Ke8 44. Re7+ Kd8 45. Kf6 Nh3 46. Re4 Nf2 47. Rd4+ Kc7 48. Nh4 1-0

[Event "45th Olympiad 2024"]
[Site "Budapest HUN"]
[Date "2024.09.21"]
[Round "10.30"]
[Board "2"]
[White "Kjartansson, Gudmundur"]
[Black "Nanjo, Ryosuke"]
[Result "0-1"]
[WhiteElo "2478"]
[BlackElo "2372"]
[PlyCount "46"]
[EventDate "2024.09.11"]
[WhiteTeam "Iceland"]
[BlackTeam "Japan"]
[WhiteTeamCountry "ISL"]
[BlackTeamCountry "JPN"]

1. c4 c5 2. Nf3 Nf6 3. Nc3 Nc6 4. e3 e5 5. d4 e4 6. Ne5 g6 7. Be2 ({RR} 7. g4 h6 8. Bg2 Bg7 9. h3 Qe7 10. b3 cxd4 11. exd4 Nxe5 12. dxe5 Qxe5 13. Bb2 d5 14. Qe2 Qe7 15. cxd5 O-O 16. O-O Re8 17. Rfe1 Bd7 18. Nxe4 Nxe4 19. Bxg7 Kxg7 20. Qxe4 Qxe4 21. Bxe4 h5 {1-0 Mamedyarov,S (2801)-Vachier Lagrave,M (2779) Biel GM 51st 2018 (3)}) 7... Bg7 8. O-O O-O 9. h3 $146 ({RR} 9. Rb1 Qe7 10. Nxc6 dxc6 11. b3 cxd4 12. exd4 Rd8 13. Be3 h5 14. Qc2 Bf5 15. Rfd1 Rac8 16. Qc1 Bg4 17. h3 Bxe2 18. Nxe2 Ne8 19. Bg5 Bf6 20. Bxf6 Qxf6 21. Qe3 Nd6 22. Ng3 Re8 23. d5 c5 {0-1 Shinkevich,V (2439)-Gabrielian,A (2499) Wch Blitz St Petersburg 2018 (13)}) ({RR} 9. Nxc6 dxc6 10. dxc5 Qa5 11. Qc2 Bf5 12. Na4 Rad8 13. a3 Rd7 14. b4 Qd8 15. Rd1 Rxd1+ 16. Bxd1 Ng4 17. Bb2 Ne5 18. Be2 Nf3+ 19. Bxf3 exf3 20. Qd1 Qxd1+ 21. Rxd1 Bc2 22. Rd7 Bxa4 23. Bxg7 Kxg7 {0-1 Ernst,R (2292)-Otsuka,S (2259) Ceske Budejovice IM 2024 (1.3)}) ({RR} 9. a3 Qe7 10. b4 Nxe5 11. dxe5 Qxe5 12. Rb1 cxb4 13. Nb5 d5 14. Rxb4 dxc4 15. Rxc4 Be6 16. Rd4 a6 17. Nd6 Bd5 18. Bc4 Bxc4 19. Nxc4 Qc7 20. Nd2 Rac8 21. Rc4 Qb8 22. Bb2 Rxc4 23. Nxc4 Rd8 {0-1 Kalashnikov,K (2381)-Khismatullin,D (2626) Moscow op-A 2016 (2)}) ({RR} 9. Nxc6 dxc6 10. dxc5 Qa5 11. Na4 Rd8 12. Qc2 Ng4 13. h3 Ne5 14. Rb1 h5 15. b4 Qc7 16. Nc3 f5 17. Nd1 Be6 18. Nb2 Qe7 19. Bd2 Qh4 20. Rfd1 Rf8 21. Be1 Qg5 22. Kh1 f4 23. exf4 Qxf4 {½-½ Ikeda,J (2390)-Loh,Z (2220) AUS-ch Melbourne 2016 (4)}) 9... Re8 10. Nxc6 dxc6 11. dxc5 Nd7 12. Qc2 Nxc5 13. b4 Nd3 14. Rb1 Qh4 15. Bd2 Bxh3 16. gxh3 Qxh3 17. Nxe4 Rxe4 18. f4 Qg3+ 19. Kh1 Qh3+ 20. Kg1 Qg3+ 21. Kh1 Rxf4 22. Rxf4 Nxf4 23. Bf1 Ne2 0-1

[Event "45th Olympiad 2024"]
[Site "Budapest HUN"]
[Date "2024.09.21"]
[Round "10.30"]
[Board "3"]
[White "Aoshima, Mirai"]
[Black "Stefansson, Hannes"]
[Result "0-1"]
[WhiteElo "2385"]
[BlackElo "2471"]
[PlyCount "98"]
[EventDate "2024.09.11"]
[WhiteTeam "Japan"]
[BlackTeam "Iceland"]
[WhiteTeamCountry "JPN"]
[BlackTeamCountry "ISL"]

1. d4 {Di Berardino,Diego} Nf6 2. c4 e6 3. Nf3 d5 4. Nc3 Nbd7 5. cxd5 exd5 6. Qc2 c6 7. Bg5 Be7 8. e3 h6 9. Bh4 O-O 10. Bd3 Re8 11. O-O Ne4 12. Bxe4 Bxh4 13. Bh7+ Kh8 14. Bd3 ({RR} 14. Nxh4 Qxh4 15. Bd3 Qe7 ({RR} 15... Nf6 16. b4) 16. Rfe1 ({RR} 16. Rab1) ({RR} 16. a3) 16... Nf6 ({RR} 16... Kg8 17. e4) 17. f3 Be6 18. Qf2 Rad8 19. Rad1) 14... Be7 15. Rfe1 ({RR} 15. Rae1 Kg8 ({RR} 15... Bd6 16. e4 dxe4 17. Nxe4 Bc7 ({RR} 17... Be7 18. Bc4) 18. Bc4 Rf8 19. Nc3 Nb6 20. Bb3) 16. h3 Nf6 ({RR} 16... Bd6 17. e4) 17. Ne5 Be6 18. f4 Rc8) ({RR} 15. Rab1 Bd6 16. b4 a6 17. a4 ({RR} 17. Na4) 17... Nf6 18. b5 cxb5 19. axb5 a5) ({RR} 15. Rae1 Nf6 16. Ne5 Kg8 17. a3 Bd6 18. f4 a5 19. h3 c5 20. Qf2 Be6 21. g4 Rf8 22. Kh1 Rc8 23. Rg1 cxd4 24. exd4 Ne4 25. Nxe4 dxe4 26. Bxe4 Bxe5 27. dxe5 Bd5 28. Qg2 Bxe4 29. Qxe4 Qb6 {1-0 Grischuk,A (2732)-Gukesh,D (2758) Tata Steel IND Blitz Open 2023 (12.1)}) ({RR} 15. a3 Bd6 16. b4 a6 17. Na4 Qc7 18. h3 Nf6 19. Nc3 Qe7 20. Nd2 g6 21. e4 dxe4 22. Ndxe4 Nxe4 23. Nxe4 Bc7 24. Qd2 Kg7 25. Rae1 Qh4 26. g3 Qd8 27. Bc4 Bxh3 28. Bxf7 Rf8 29. Bb3 Bxf1 {½-½ Soler Bel,J (1916)-Garriga Cabrera,J (1924) 33rd Pobla De Lillet Open 2024 (4.35)}) 15... Kg8 16. a3 $146 ({RR} 16. Rab1 Nf6 ({RR} 16... a5 17. a3 Bd6 18. e4 dxe4 19. Nxe4) 17. Ne5 Be6 18. b4 Nd7 19. Nxd7 ({RR} 19. f4 Nxe5 20. fxe5 a5 21. bxa5 ({RR} 21. b5 c5) 21... Qxa5 22. Ne2 ({RR} 22. Rxb7 Bb4 23. Rc1 Bc8) 22... Qxa2 23. Rxb7 Bg5) 19... Qxd7 20. Na4 ({RR} 20. Ne2 Bd6 21. b5 Rac8) 20... b6 21. Rec1 ({RR} 21. Nc3 b5 22. a4 a6 23. Ne2 bxa4 24. Qxa4 Qb7 25. Rec1 Bd7) ({RR} 21. b5 Rec8 22. bxc6 Rxc6 23. Qb3 ({RR} 23. Qb2 Bf5 24. Bb5 Rac8) 23... Qc8) 21... Rec8 22. Qe2 ({RR} 22. Nc3) 22... Bd6 23. Nc3 ({RR} 23. h3 g6) 23... Qe7 ({RR} 23... b5) 24. a3 a5 25. Na4 ({RR} 25. bxa5 bxa5 26. a4 Ba3 27. Rc2 Rab8) 25... Rcb8 26. bxa5 ({RR} 26. Qd1 axb4 27. axb4 Bd7 28. b5 c5 29. Nc3 cxd4 30. exd4 Be6) 26... Rxa5 27. Nb2 ({RR} 27. Nxb6 Qc7) 27... Qc7 28. a4 Bxh2+ 29. Kf1 Bd6 30. Bb5 Bd7 {0-1 Di Berardino,D (2483)-El Debs,F (2553) Osasco 60 Ann 2022 (4)}) ({RR} 16. e4 dxe4 17. Nxe4 Nf8) ({RR} 16. Rab1 a5 17. a3 Bd6 18. e4 dxe4 19. Nxe4 Bf8 20. Ng3 Rxe1+ 21. Rxe1 Nf6 22. Bc4 Nd5 23. Ne5 Be6 24. h3 Qc7 25. Nh5 Rd8 26. Qd3 b5 27. Bb3 c5 28. Bc2 f5 29. Qxb5 cxd4 30. Nc6 Bf7 {1-0 Martirosyan,H (2621)-Sarana,A (2666) Wch Blitz Warsaw 2021 (16)}) 16... Nf6 17. b4 a6 18. Ne5 Ng4 19. f4 Nxe5 20. fxe5 f6 21. e4 dxe4 22. Bc4+ Kh8 23. Rad1 Bg4 24. Qxe4 f5 25. Qc2 Bxd1 26. Rxd1 Rf8 27. Be6 a5 28. Ne2 Bg5 29. Bxf5 axb4 30. axb4 Qd5 31. Be4 Qb5 32. Bf3 Ra3 33. h4 Bxh4 34. Qe4 Bg5 35. Ng3 Qxb4 36. Nf5 Qa4 37. Rb1 Ra1 38. Rxa1 Qxa1+ 39. Kh2 Qc1 40. g3 g6 41. Nd6 Qe3 42. Qxe3 Bxe3 43. e6 Bg5 44. Be4 Kg7 45. Nxb7 Rf2+ 46. Kh3 Rd2 47. Bxc6 Rxd4 48. Na5 Bd8 49. Bg2 Bxa5 0-1

[Event "45th Olympiad 2024"]
[Site "Budapest HUN"]
[Date "2024.09.21"]
[Round "10.30"]
[Board "4"]
[White "Gretarsson, Helgi Ass"]
[Black "Kojima, Shinya"]
[Result "0-1"]
[WhiteElo "2450"]
[BlackElo "2299"]
[PlyCount "98"]
[EventDate "2024.09.11"]
[WhiteTeam "Iceland"]
[BlackTeam "Japan"]
[WhiteTeamCountry "ISL"]
[BlackTeamCountry "JPN"]

1. c4 c6 2. Nf3 d5 3. e3 Nf6 4. Nc3 e6 5. b3 Bd6 6. Bb2 O-O 7. Qc2 e5 8. cxd5 cxd5 9. Nb5 Nc6 10. Nxd6 Qxd6 11. d4 Ne4 12. a3 exd4 13. Nxd4 Nxd4 14. Bxd4 Bf5 15. Qb2 Rac8 16. Bd3 Qg6 17. O-O Nd6 18. Bxf5 Nxf5 19. Be5 $146 ({RR} 19. Ra2 Rc6 20. Qe2 Nh4 21. f3 a6 22. Rd2 Rfc8 23. e4 Rc1 24. exd5 Qg5 25. Rfd1 Nxf3+ 26. Kf2 Nxd2 27. Qxd2 R1c2 28. Rc1 Qxd2+ {0-1 Torfoss,S (1962)-Melaa,S (2270) TCh-NOR Elite 2023-24 (6.16)}) 19... Nxe3 20. fxe3 Rc2 21. Qxc2 Qxc2 22. b4 Rc8 23. Bd4 b6 24. h3 f6 25. Rf2 Qa4 26. Kh2 Kf7 27. Kg1 Rc4 28. Kh2 Qc6 29. Kg1 Ke6 30. Kh2 h5 31. Kg1 Rc1+ 32. Rf1 Rxf1+ 33. Rxf1 Qa4 34. Ra1 Kf5 35. Kh2 Ke4 36. Rc1 Qxa3 37. Ra1 Qxb4 38. Rxa7 Qf8 39. Rb7 f5 40. Rxb6 g5 41. Bf6 Qg8 42. Rb3 Qg6 43. Rb6 f4 44. exf4 gxf4 45. Rb4+ Ke3 46. Bd4+ Ke2 47. Rb3 Qe4 48. Rb2+ Kf1 49. Bf6 f3 0-1

[Event "45th Olympiad 2024"]
[Site "Budapest HUN"]
[Date "2024.09.21"]
[Round "10.31"]
[Board "1"]
[White "Zambrana, Osvaldo"]
[Black "Amin, Bassem"]
[Result "0-1"]
[WhiteElo "2405"]
[BlackElo "2636"]
[PlyCount "66"]
[EventDate "2024.09.11"]
[WhiteTeam "Bolivia"]
[BlackTeam "Egypt"]
[WhiteTeamCountry "BOL"]
[BlackTeamCountry "EGY"]

1. e4 e5 2. Nf3 Nc6 3. Bc4 Nf6 4. d3 h6 5. O-O d6 6. c3 g6 7. Re1 Bg7 8. d4 O-O 9. dxe5 dxe5 ({RR} 9... Nxe5 10. Nxe5 dxe5 11. Qxd8 Rxd8 12. f3 a5 13. a4 Ne8 14. Be3 Nd6 15. Bb3 b6 16. Na3 Bb7 17. Rad1 Kf8 18. Bd5 Bxd5 19. Rxd5 Ke7 20. Red1 f5 21. exf5 gxf5 22. f4 e4 23. Kf2 Nb7 24. h3 {1-0 Dominguez Perez,L (2748)-Tang,A (2502) Titled Tue 30th Apr Late 2024 (6)}) 10. Qxd8 Rxd8 11. a4 $146 ({RR} 11. Nbd2 a5 12. Bb5 Ne8 13. b3 Nd6 14. Bf1 Be6 15. Ba3 a4 16. g3 b6 17. Kg2 Na7 18. Bxd6 cxd6 19. bxa4 Nc8 20. Bb5 Ra7 21. c4 Rc7 22. Nf1 h5 23. Ng5 Bd7 24. Ne3 Ne7 25. Rad1 Bh6 {½-½ Hansen,E (2606)-Aronian,L (2772) Airthings Masters Prelim rapid 2022 (7)}) ({RR} 11. Nbd2 a6 12. a4 b6 13. Ba2 a5 14. Bc4 Bb7 15. h3 {½-½ Semeniuk,A (2365)-Mukhametov,E URS-ch Army Novosibirsk 1989}) 11... b6 12. Na3 Bb7 13. Bb3 Nxe4 14. Rxe4 Na5 15. Bxf7+ Kxf7 16. Re1 Nb3 17. Rb1 e4 18. Nd4 Nxd4 19. cxd4 Rxd4 20. b3 Rd7 21. Bf4 g5 22. Bg3 Rad8 23. h4 c5 24. a5 Bc3 25. Rec1 Bd2 26. Rc2 e3 27. fxe3 Bxe3+ 28. Kh2 Be4 29. Rf1+ Kg8 30. Ra2 Rd2 31. Rxd2 Rxd2 32. Re1 Rxg2+ 33. Kh3 Bf4 0-1

[Event "45th Olympiad 2024"]
[Site "Budapest HUN"]
[Date "2024.09.21"]
[Round "10.31"]
[Board "3"]
[White "Ticona Rocabado, Licael Roderick"]
[Black "Wafa, Hamed"]
[Result "1/2-1/2"]
[WhiteElo "2321"]
[BlackElo "2368"]
[PlyCount "135"]
[EventDate "2024.09.11"]
[WhiteTeam "Bolivia"]
[BlackTeam "Egypt"]
[WhiteTeamCountry "BOL"]
[BlackTeamCountry "EGY"]

1. d4 Nf6 2. c4 c5 3. Nf3 cxd4 4. Nxd4 e5 5. Nc2 d5 6. cxd5 Qxd5 7. Qxd5 Nxd5 8. e4 Nb4 9. Nxb4 Bxb4+ 10. Bd2 Bxd2+ 11. Nxd2 ({RR} 11. Kxd2 Be6 12. Nc3 Nc6 13. Bb5 O-O-O+ 14. Ke3 Nd4 15. Bd3 Kb8 16. Ne2 Nxe2 17. Bxe2 Rd6 18. b3 Rc8 19. Rhc1 Rdc6 20. Rxc6 Rxc6 21. Bd3 Kc7 22. g3 f6 23. f4 Rc5 24. f5 Bf7 25. g4 Kd6 {½-½ Andersson,U (2640)-Christiansen,L (2550) FIDE-Wch k.o. 1997 (1.8)}) 11... Ke7 ({RR} 11... Nc6 12. Bb5 Bd7 13. Nc4 Nd4 14. Bxd7+ Kxd7 15. O-O Ke6 16. Rfd1 Rhc8 17. b3 b5 18. Ne3 a5 19. Rd2 a4 20. bxa4 Rxa4 21. Rb1 f6 22. f3 Ra3 23. Kf2 Rcc3 24. Nd5 Rd3 25. Rxd3 Rxd3 26. Rb2 {1-0 Cacco,C (2319)-Zuriel,M (2163) Titled Tue 26th Mar Early 2024 (10)}) 12. Bc4 Nc6 13. Rc1 Bd7 $146 ({RR} 13... Be6 14. Ke2 Rac8 15. Ke3 Rc7 16. Bxe6 {½-½ Kedzierski,S (2086)-Bohn,U (2184) NATO-ch 23nd 2012 (5)}) ({RR} 13... Rd8 14. a3 Nd4 15. Nb3 Be6 16. Bxe6 Nxe6 17. O-O b6 18. Rfd1 Rac8 19. Kf1 Rxc1 20. Rxc1 Rd3 21. Rc3 Nf4 22. f3 Rd1+ 23. Kf2 Rb1 24. Rc2 Rxb2 25. Rxb2 Nd3+ 26. Ke3 Nxb2 27. Nd2 Kd6 28. g3 {0-1 Magnier,H (2205)-Lepelletier,B (2365) FRA-ch Accession 1994 (2)}) ({RR} 13... Rd8 14. Ke2 Be6 15. Rhd1 Nd4+ 16. Ke3 Rac8 17. Bd3 b5 18. a3 g5 19. Rc3 a6 20. Rdc1 Rxc3 21. Rxc3 Kd6 22. h3 a5 23. b4 axb4 24. axb4 Ra8 25. Nf3 Nxf3 26. Kxf3 Ra4 27. Bxb5 Rxb4 28. Bd3 {½-½ Rajesh,V (2291)-Girinath,P (2377) IND-chB 49th 2011 (13)}) 14. Nb3 Rhc8 15. Kd2 b6 16. Bd5 Rab8 17. a3 a5 18. Ke3 a4 19. Bxc6 Bxc6 20. Na1 Ba8 21. f3 b5 22. Nc2 Rc4 23. Nb4 Rbc8 24. Rxc4 Rxc4 25. Rd1 f6 26. h4 h5 27. g3 Bb7 28. Rg1 Kf7 29. Rd1 Ke7 30. Rd2 g6 31. Rd1 f5 32. Nd3 Ke6 33. Rc1 Kd6 34. Rxc4 bxc4 35. Nb4 Kc5 36. Na2 Ba8 37. Nc3 Bc6 38. Ne2 fxe4 39. fxe4 Be8 40. Nc3 Bc6 41. Nb1 Bd7 42. Nc3 Bc6 43. Nb1 c3 44. Nxc3 Kc4 45. Kd2 Kd4 46. Ke2 Kc4 47. Kd2 Kb3 48. Kc1 Bb7 49. Kb1 Ba8 50. Kc1 Bc6 51. Kb1 Ba8 52. Kc1 Bb7 53. Kb1 Ba6 54. Kc1 Bd3 55. Kd2 Bf1 56. Kc1 Bd3 57. Nb1 Kc4 58. Nc3 Kb3 59. Kd2 Ba6 60. Kc1 Bb7 61. Kb1 Bc6 62. Kc1 Kc4 63. Kc2 Kd4 64. Kd2 Bd7 65. Ke2 Be8 66. Kd2 Bc6 67. Ke2 Bd7 68. Kd2 1/2-1/2

[Event "45th Olympiad 2024"]
[Site "Budapest HUN"]
[Date "2024.09.21"]
[Round "10.31"]
[Board "4"]
[White "Sadek, Sameh"]
[Black "Montevilla Cahuasa, Jonathan I."]
[Result "1-0"]
[WhiteElo "2269"]
[BlackElo "2064"]
[PlyCount "131"]
[EventDate "2024.09.11"]
[WhiteTeam "Egypt"]
[BlackTeam "Bolivia"]
[WhiteTeamCountry "EGY"]
[BlackTeamCountry "BOL"]

1. Nf3 Nf6 2. d4 e6 3. e3 b6 4. Bd3 Bb7 5. Nbd2 d5 6. O-O Be7 7. c4 O-O ({RR} 7... Nbd7 8. Qc2 O-O 9. b3 c5 10. Bb2 cxd4 11. exd4 Rc8 12. Rfe1 h6 13. Rad1 Qc7 14. h3 Rfd8 15. Qb1 Qb8 16. Re3 Qa8 17. Nf1 Ne4 18. cxd5 exd5 19. Ng3 Ndf6 20. Ne5 Bf8 21. Ne2 Rc7 22. f3 {0-1 Korotkjevich,S (2364)-Weber,S (2190) 2nd Bundesliga West 22-23 2022 (6.5)}) 8. b3 c5 $146 ({RR} 8... Nbd7 9. Bb2 Ne4 10. Qe2 f5 11. Ne5 Nxe5 12. dxe5 Nxd2 13. Qxd2 dxc4 14. bxc4 Qd7 15. Qe2 Rad8 16. Rfd1 Qc6 17. Qf1 f4 18. exf4 Rxf4 19. f3 Bc5+ 20. Kh1 Rxf3 {0-1 Primavera,G-Maccioni Seisdedos,A Olympiad-09 Dubrovnik 1950 (4)}) ({RR} 8... dxc4 9. bxc4 c5 10. Bb2 Nc6 11. Rc1 Qc7 12. Bb1 Rad8 13. a3 cxd4 14. exd4 Qf4 15. Qc2 Qh6 16. Rfe1 Rfe8 17. Rcd1 Qg6 18. Qc3 Qh5 19. Nf1 Qa5 20. Qd3 g6 21. Ng3 Ba6 22. Ne4 Qa4 23. Ned2 {1-0 Le,K (2329)-Zakaria,F (2202) Kuala Lumpur op 3rd 2006 (9)}) ({RR} 8... Nbd7 9. Bb2 Ne4 10. Qc2 Ndf6 11. Rac1 Nxd2 12. Nxd2 dxc4 13. Nxc4 Rc8 14. e4 h6 15. Qe2 Re8 16. Rfd1 c6 17. e5 Nd5 18. Qe4 g6 19. h4 b5 20. h5 bxc4 21. bxc4 Nb4 22. Bb1 Qb6 23. hxg6 {1-0 Molchanov,Y (2186)-Vaingorten,Y (2389) Ontario Closed 2005 (2)}) 9. dxc5 Bxc5 10. Bb2 h6 11. a3 a5 12. Qe2 Nbd7 13. Rfd1 Qe7 14. cxd5 Nxd5 15. Ne4 N5f6 16. Nxc5 Nxc5 17. Bc4 Rfd8 18. Nd4 Rac8 19. Rac1 Nd5 20. e4 Nf4 21. Qg4 Ng6 22. Nf5 Qg5 23. Qxg5 Rxd1+ 24. Rxd1 hxg5 25. Nxg7 Bxe4 26. Nh5 Bc2 27. Nf6+ Kf8 28. Nh7+ Kg8 29. Nf6+ Kf8 30. Rd6 b5 31. Bxb5 Bxb3 32. Nh7+ Ke7 33. Rb6 e5 34. Nxg5 Rd8 35. h4 Rd1+ 36. Kh2 Rd2 37. Bc1 Rc2 38. Be3 Nxh4 39. Nh7 Ne6 40. Rb7+ Rc7 41. Bc5+ Kd8 42. Rb8+ Rc8 43. Bb6+ Nc7 44. Rb7 Nf5 45. Ra7 Nd4 46. a4 Nde6 47. Nf6 Ke7 48. Ne8 Rxe8 49. Bxe8 Kxe8 50. Bxc7 Nxc7 51. Rxc7 Bxa4 52. Ra7 Bd7 53. Rxa5 f6 54. Ra7 Ke7 55. Kg3 Ke6 56. Kg4 Bb5 57. Kh5 Be2+ 58. Kg6 Bd3+ 59. Kg7 f5 60. Ra3 Bf1 61. g3 Bg2 62. Ra6+ Kd5 63. Kf6 Ke4 64. Ra3 Bh3 65. Re3+ Kd4 66. Rxe5 1-0

[Event "45th Olympiad 2024"]
[Site "Budapest HUN"]
[Date "2024.09.21"]
[Round "10.32"]
[Board "1"]
[White "Salem, A.R. Saleh"]
[Black "Dardha, Daniel"]
[Result "1/2-1/2"]
[WhiteElo "2631"]
[BlackElo "2603"]
[PlyCount "67"]
[EventDate "2024.09.11"]
[WhiteTeam "United Arab Emirates"]
[BlackTeam "Belgium"]
[WhiteTeamCountry "UAE"]
[BlackTeamCountry "BEL"]

1. d4 {Anand,Viswanathan} Nf6 2. c4 e6 3. Nc3 Bb4 4. e3 O-O 5. Bd3 d5 6. a3 Bxc3+ 7. bxc3 dxc4 8. Bxc4 c5 9. Nf3 Qc7 10. Be2 Nc6 ({RR} 10... b6 11. Bb2 Bb7 12. O-O Nbd7 13. c4 Rac8 ({RR} 13... Ng4 14. d5 exd5 15. cxd5 Ngf6 16. d6) 14. Rc1 Rfd8 15. Qb3 Ng4 16. g3 ({RR} 16. d5 exd5 17. cxd5 Ndf6) 16... Ngf6 17. Rfd1 Ne4 18. Ne1 Nd6 ({RR} 18... Ndf6 19. f3 Nxg3 20. hxg3 Qxg3+ 21. Kf1 Nh5) 19. d5 exd5 20. cxd5 c4 21. Qc2 b5 22. Ng2 ({RR} 22. e4 Re8 23. f3 f5 24. exf5 Nxf5 ({RR} 24... Nb6)) 22... Nc5 23. Nf4 Qe7 24. Bg4 Rc7 25. Qc3 {0-1 Carlsen,M (2837)-Anand,V (2782) Wch Rapid Riadh 2017 (9)} ({RR} 25. Re1 Nde4 ({RR} 25... Bc8 26. Bxc8 Rcxc8 27. e4) 26. f3 Nf6) {RR} 25... f6 26. Be6+ Kh8 27. Qc2 Bc8 28. Bc3) 11. c4 ({RR} 11. Bb2 b6 12. O-O Rd8 13. Rc1 e5 14. h3 Bb7 15. Qc2 Qe7 16. Rfd1 Rac8 17. Qa4 e4 18. Nd2 a6 19. dxc5 b5 20. Qb3 Ne5 21. c4 Nd3 22. Bxd3 Rxd3 23. Qb4 Qxc5 24. cxb5 Qxb4 25. Rxc8+ Bxc8 {1-0 Van Foreest,J (2671)-Rodrigue-Lemieux,S (2499) Canadian Open 2024 (6.1)}) 11... Na5 $146 ({RR} 11... cxd4 12. exd4 Na5 13. Qd3 b6 14. Bd2 Bb7 15. Bxa5 bxa5 16. h3 Rab8 17. O-O Be4 18. Qe3 a4 19. Ne5 Rb3 20. Qf4 Rd8 21. Rfd1 Rb2 22. Bf1 h6 23. Rac1 Rb3 24. d5 Rxa3 25. dxe6 fxe6 26. Rxd8+ {1-0 Vareille,F (2432)-Grant,J (2192) Wch Seniors 50 28th 2018 (11)}) ({RR} 11... Rd8 12. O-O e5 13. d5 e4 14. Nd2 Ne5 15. h3 b5 16. Bb2 Qe7 17. Qc2 bxc4 18. d6 Qxd6 19. Nxe4 Qe7 20. Nxf6+ gxf6 21. Bxc4 Bb7 22. Qf5 Rd6 23. Bxe5 fxe5 24. Rab1 Rf8 25. Rfd1 Bc8 26. Qh5 {½-½ Injac,T (2386)-Javakhishvili,L (2464) TCh-SRB 1st League w 2022 (3.1)}) ({RR} 11... Rd8 12. O-O Ne7 13. Bb2 b6 14. Qb3 cxd4 15. exd4 Bb7 16. Ne5 Ng6 17. Nxg6 hxg6 18. a4 a5 19. Rfc1 Rab8 20. Qe3 Qd7 21. Ra3 Bc6 22. Qg5 Nh7 23. Qh4 g5 24. Qh5 Be4 25. Bf1 Bf5 26. Rd1 {½-½ Sanal,V (2595)-Indjic,A (2628) SRB-chT Premier 2022 (7.1)}) 12. Qc2 cxd4 13. exd4 b5 14. c5 a6 15. Bg5 Nd5 16. O-O Bb7 17. Bd3 h6 18. Bd2 Nf4 19. Bh7+ Kh8 20. Be4 Bxe4 21. Qxe4 Ng6 22. Bxa5 Qxa5 23. Rfc1 Rac8 24. c6 Qd8 25. Rc5 Qd6 26. Rac1 Rc7 27. h4 Rfc8 28. Ne5 Nxe5 29. dxe5 Qd2 30. R5c2 Qa5 31. Qb4 Qb6 32. Qc5 Qxc5 33. Rxc5 Rb8 34. g3 1/2-1/2

[Event "45th Olympiad 2024"]
[Site "Budapest HUN"]
[Date "2024.09.21"]
[Round "10.32"]
[Board "2"]
[White "Vandenbussche, Thibaut"]
[Black "Al Hosani, Omran"]
[Result "1-0"]
[WhiteElo "2461"]
[BlackElo "2241"]
[PlyCount "93"]
[EventDate "2024.09.11"]
[WhiteTeam "Belgium"]
[BlackTeam "United Arab Emirates"]
[WhiteTeamCountry "BEL"]
[BlackTeamCountry "UAE"]

1. e4 c5 2. Nf3 e6 3. c3 Nf6 4. Bd3 d5 5. e5 Nfd7 6. Bc2 c4 7. d4 cxd3 8. Bxd3 Nc6 9. Bf4 Qc7 10. O-O Be7 $146 ({RR} 10... g6 11. Re1 Bg7 12. Qe2 O-O 13. b4 a5 14. b5 Ne7 15. c4 dxc4 16. Bxc4 Nb6 17. Nbd2 Ned5 18. Bg3 Bd7 19. Bxd5 Nxd5 20. a4 Rac8 21. Ne4 Qc2 22. Nd6 Qxe2 23. Rxe2 Rc7 24. Nd2 Rc2 25. f4 {1-0 Sezdbekova,A (1799)-Romany,J (2012) Olympiad Women 2024 (4.37)}) ({RR} 10... f6 11. c4 d4 12. Re1 Ndxe5 13. Nxe5 fxe5 14. Bg3 Bb4 15. Nd2 O-O 16. a3 Bxd2 17. Qxd2 a5 18. b3 Bd7 19. Rab1 Rae8 20. b4 axb4 21. axb4 Rf5 22. Qe2 b6 23. b5 Na5 24. Bxe5 Qc5 25. Rbd1 {1-0 Bauer,C (2613)-Martin Duque,J (2411) Rochefort op 20th 2022 (7)}) ({RR} 10... f6 11. c4 fxe5 12. cxd5 exd5 13. Re1 Be7 14. Bg3 O-O 15. Nc3 Nf6 16. Nxe5 Nxe5 17. Rxe5 Bc5 18. Bxh7+ Kh8 19. Rh5 Bxf2+ 20. Kh1 Bg4 21. Qxg4 Nxg4 22. Bg6+ Kg8 23. Bxc7 {1-0 Ivanov,M (2260)-Hua,E (2049) Canadian op Windsor 2016 (7)}) 11. Re1 h6 12. Bg3 g5 13. Nd4 a6 14. Nd2 h5 15. h3 Nxd4 16. cxd4 Qb6 17. Nb3 Nb8 18. Re3 Nc6 19. Be2 h4 20. Bh2 Bd7 21. Rc1 a5 22. a4 Nb4 23. Nc5 Bxc5 24. Rxc5 Bc6 25. Bb5 Na6 26. Bxa6 Rxa6 27. Rb3 Qd8 28. Rbc3 Rb6 29. b3 Rb4 30. Kh1 Kd7 31. f3 Rg8 32. Qd3 Kc8 33. Rb5 Kd7 34. Rxb4 axb4 35. Rc1 f5 36. exf6 Qxf6 37. Be5 Qe7 38. Rc5 Rc8 39. a5 Ke8 40. Qg6+ Qf7 41. Qxg5 Kd7 42. Qd2 Qf5 43. Rc1 Rg8 44. a6 bxa6 45. Qxb4 Qf8 46. Qb6 Qc8 47. Qc5 1-0

[Event "45th Olympiad 2024"]
[Site "Budapest HUN"]
[Date "2024.09.21"]
[Round "10.32"]
[Board "3"]
[White "Ammar, Sedrani"]
[Black "Maerevoet, Sim"]
[Result "1/2-1/2"]
[WhiteElo "2226"]
[BlackElo "2432"]
[PlyCount "74"]
[EventDate "2024.09.11"]
[WhiteTeam "United Arab Emirates"]
[BlackTeam "Belgium"]
[WhiteTeamCountry "UAE"]
[BlackTeamCountry "BEL"]

1. d4 d5 2. c4 e6 3. Nc3 Nf6 4. cxd5 exd5 5. Bg5 Bb4 6. e3 h6 7. Bh4 Bf5 8. Bd3 Bxd3 9. Qxd3 O-O 10. Nf3 c6 11. O-O Nbd7 12. a3 $146 ({RR} 12. Ne5 Be7 13. f4 Nxe5 14. fxe5 Nd7 15. Bg3 Bh4 16. Bf4 Qe8 17. e4 dxe4 18. Nxe4 Qe6 19. Nd6 f5 20. Be3 Qd5 21. Rad1 Be7 22. Nxf5 Rf7 23. Bxh6 Raf8 24. Qg3 Kh7 25. Bxg7 Rxf5 26. Bxf8 Rxf1+ {1-0 Caruana,F (2793)-Nepomniachtchi,I (2767) Saint Louis Blitz 2024 (15.2)}) 12... Be7 13. b4 a6 14. Na4 Ne4 15. Bxe7 Qxe7 16. Nc5 Nd6 17. a4 a5 18. Rab1 axb4 19. Nxd7 Qxd7 20. Rxb4 Ra7 21. Rfb1 Rfa8 22. Ne5 Qe7 23. Qb3 h5 24. Nd3 h4 25. h3 g6 26. Nc5 Kg7 27. Nxb7 Nxb7 28. Rxb7 Rxb7 29. Qxb7 Qxb7 30. Rxb7 Rxa4 31. Kf1 Ra2 32. Rb1 Rc2 33. Re1 g5 34. Re2 Rc1+ 35. Re1 Rc2 36. Re2 Rc1+ 37. Re1 Rc2 1/2-1/2